000 01398nam2a22002891 4500
001 rc\3929064
005 20130415112117.1
021 _aRU
_b[49-10347]
035 _a(NLR Aleph) 008031021
090 _a8821134
_c8821134
100 _a20130415d1948 |||y0rusy50 ca
101 0 _arus
102 _aRU
105 _aa b |||||
200 1 _aТестомесильная машина марки ХМТ с подкатной дежей марки ХЖТ емкостью 300 литров
_f[Подгот. к печати А.О. Коломийцев и В.И. Сургучева]
210 _d1948
_gТип. изд-ва "Моск. большевик"
215 _a83 с.
_cчерт.
_d22х31
461 0 _1001rc\3929062
_12001#$aАльбом чертежей хлебопекарного оборудования$fМПП СССР. Механо-конструкторский отд. Всесоюз. трест "Пищепромпроект"$v№ 12
606 _aТестомесильные машины
_jЧертежи (№ 12)
_2psbo
702 1 _aКоломийцев
_bА. О.
_4570
702 1 _aСургучева
_bВ. И.
_4570
712 0 1 _aСССР
_bГлавное управление хлебопекарной промышленности
_3RU\NLR\AUTH\8810184211
801 0 _aRU
_bNLR
_gpsbo
801 1 _aRU
_bELAR
_2rusmarc
852 _aNLR
_jТ66 Г-5/34
942 _cBOOK
980 _aNB